[Event "RSA-ch U18/20 Girls"]
[Site "Bloemfontein"]
[Date "2016.03.23"]
[Round "7"]
[White "Swart, Melanie"]
[Black "Pillay, Kiandra"]
[Result "0-1"]
[WhiteElo "827"]
[BlackElo "996"]
[PlyCount "80"]
[EventDate "2016.03.20"]
[EventType "swiss"]
[EventRounds "11"]
[EventCountry "RSA"]
[SourceTitle "CBM 171 Extra"]
[Source "ChessBase"]
[SourceDate "2016.04.26"]
[SourceVersion "1"]
[SourceVersionDate "2016.04.26"]
[SourceQuality "1"]

1. e4 e5 2. h3 Nf6 3. a3 Nxe4 4. Qe2 d5 5. d3 Nf6 6. Qxe5+ Qe7 7. Qxe7+ Bxe7 8. Be3 h6 9. Nc3 Nc6 10. g4 d4 11. Nb5 Kd8 12. Bxd4 a6 13. Bxf6 Bxf6 14. Nc3 Bxc3+ 15. bxc3 Be6 16. Bg2 Re8 17. Ne2 Bd7 18. Bf3 b5 19. 0-0 Rb8 20. Rab1 Ne5 21. Rfe1 Nxf3+ 22. Kf1 Nxe1 23. Kxe1 Bc6 24. Kd2 Bg2 25. c4 Bxh3 26. Nd4 Kd7 27. cxb5 axb5 28. f3 Bg2 29. Rg1 c5 30. Nf5 Bxf3 31. Nxg7 Re2+ 32. Kc1 Rg2 33. Rf1 Rxg4 34. Nf5 Bg2 35. Rg1 Rg6 36. Nh4 Rg4 37. Nxg2 Rbg8 38. Kd2 Rxg2+ 39. Rxg2 Rxg2+ 40. Ke3 Rxc2 0-1